Normal view
MARC view
- إعداد حاتم غنيم
Entry Personal Name
001 - CONTROL NUMBER
- control field: 51604
003 - CONTROL NUMBER IDENTIFIER
- control field: JO-AjAnu
005 - DATE AND TIME OF LATEST TRANSACTION
- control field: 20230606082504.0
008 - FIXED-LENGTH DATA ELEMENTS
- fixed length control field: 230606|| aca||aabn | a|a d
040 ## - CATALOGING SOURCE
- Original cataloging agency: JO-AjAnu
- Transcribing agency: JO-AjAnu
100 ## - HEADING--PERSONAL NAME
- Personal name: إعداد حاتم غنيم
670 ## - SOURCE DATA FOUND
- Source citation: Work cat.: (JO-AjAnu)26376: إعداد حاتم غنيم, author, مجلس البناء الوطني الأردني، وزارة الأشغال العامة والإسكان: كودة متطلبات الفراغ في المباني